000 00759nam a22002297a 4500
001 8048
003 FISKH
005 20250819152704.0
008 250819b cb ||||| |||| 00| 0 eng d
020 _a9780545547468
040 _aFISKH
_beng
_cFISKH
_dFISKH
050 _aPZ7
082 _a416
100 _aAlexander, Karen
245 _aSpace math /
_cby Karen Alexander
260 _aNew York :
_bScholastic ,
_c2012.
300 _a24 pages :
_bcolor illustrations ;
_c23 cm .
520 _a"Read how math has helped us to learn about the planets, the stars, and other objects in our immense, mysterious, and exciting universe. Includes questions and answers."--Scholastic
700 _aLam, Amy
_eDesigner
942 _2ddc
_cBK
_n0
999 _c8048
_d8048